| 000 | 00382nam a2200133Ia 4500 | ||
|---|---|---|---|
| 008 | 180925s9999 xx 000 0 und d | ||
| 020 | _a9789813150317 | ||
| 100 | _aDesJardins, Joseph. | ||
| 245 |
_cJoseph DesJardins.-- _aAn Introduction to busuiness ethics / |
||
| 250 | _a5th ed | ||
| 260 |
_aUSA : _bMcGraw Hill _c2014 |
||
| 300 | _axiii, 290 pages. | ||
| 650 | _aBusiness ethics. | ||
| 999 |
_c358869 _d358869 |
||